Quiz o Polsce (odswiezony) - Statystyki

Ogólne statystyki
  • Ten quiz został rozwiązany 1 636 razy
  • Średni wynik to 23 z 30
Statystyki odpowiedzi
Pytanie Odpowiedź % Poprawnych
Stolica Warszawa
100%
Prezydent Andrzej Duda
98%
Pierwsza Stolica Gniezno
97%
Liczba województw 16
94%
Najdłuższa rzeka Wisla
94%
Pełna nazwa kraju Rzeczpospolita Polska
93%
Z iloma państwami graniczy Polska 7
92%
Chrzest Polski (rok) 966
91%
Flaga (barwy) Bialo czerwone
91%
Hymn Mazurek Dąbrowskiego
89%
Ludnośc (w milionach) 38
88%
Premier Mateusz Morawiecki
86%
Bitwa pod Grunwaldem (rok) 1410
85%
Kiedy Polska wstąpiła do UE (rok) 2004
85%
Imie i nazwisko Polskiego papieża Karol Wojtyła
85%
Najdroższy Polski piłkarz Robert Lewandowski
85%
Niepodległośc (rok) 1918
83%
Najwyższy szczyt Rysy
82%
Pierwszy Król (koronowany) Bolesław Chrobry
78%
Domena internetowa pl
75%
Zwycięsca wszystkich konkursów w Turnieju 4 Skoczni Kamil Stoch
74%
Największe jezioro Sniardwy
72%
Kto jest autorem tekstu polskiego hymnu narodowego Józef Wybicki
68%
I rozbiór Polski (rok) 1772
58%
Najwyższy budynek Pałac Kultury i Nauki
53%
Pierwszy Prezydent Gabriel Narutowicz
46%
Pierwsza Konstytucja (pełna data) 3 maja 1791
43%
Zwycięsca ekstraklasy 2018/2019 Piast Gliwice
41%
Powierzchnia (w tys. km kwadratowych) 312
40%
Stajnia w której jeździ Robert Kubica Williams
20%
Nie znaleziono quizów pasujących do podanych kryteriów
Rozkład punktacji
Procent ludzi z każdym wynikiem
Percentyl według liczby udzielonych odpowiedzi
Twoja historia wyników
Nie rozwiązałeś tego quizu